| 000 | 00729nam a2200265 a 4500 | ||
|---|---|---|---|
| 999 |
_c4347 _d4347 |
||
| 001 | 13671 | ||
| 003 | BD-DhUAP | ||
| 005 | 20201108162651.0 | ||
| 008 | 201108r20112005ii a 001 0 eng d | ||
| 020 | _a9788126510894 | ||
| 040 |
_aDLC _cCarP _dDLC _dBD-DhUAP _bEng |
||
| 082 | 0 | 4 |
_a530 HAL _223 |
| 100 | _aHalliday, David. | ||
| 245 | 1 | 0 |
_aPhysics / _cDavid Halliday, Robert Resnick and Kenneth S. Krane. |
| 250 | _a5th ed. | ||
| 260 |
_aNew Delhi : _bWiley India, _cc2005 [Reprinted 2011]. |
||
| 300 |
_avolumes : _billustrations ; _c28 cm. |
||
| 500 | _aIncludes index. | ||
| 505 | _aV. 2-- | ||
| 650 | 0 | _aPhysics. | |
| 700 | _aResnick, Robert. | ||
| 700 | _aKrane, Kenneth S. | ||
| 942 |
_2ddc _cBK |
||